| Поле | Инд. | ПП | Название | Значение |
|---|---|---|---|---|
| Тип записи | a | |||
| Библиографический уровень | m | |||
| 001 | Контрольный номер | RU/IS/BASE/563631593 | ||
| 005 | Дата корректировки | 20260515105123.1 | ||
| 040 | b | Код языка каталог. | rus | |
| e | Правила каталог. | PSBO | ||
| 041 | 0_ | a | Код языка текста | rus |
| 097 | b | Оператор | *Ольга* | |
| 245 | 10 | a | Заглавие | Оценочные средства промежуточная аттестация: зачет дисциплины "Архитектурная типология зданий". Направление подготовки 08.03.01 Строительство. Профиль: Городское строительство и хозяйство |
| b | Продолж. заглавия | в составе учебно-методического комплекса | ||
| c | Ответственность | Каф. Конструкции и сооружения | ||
| c | Ответственность | разраб. Д.А. Ханыгин | ||
| 260 | a | Место издания | Тверь | |
| b | Издательство | ТвГТУ | ||
| c | Дата издания | 2017 | ||
| 440 | _0 | a | Серия | УМК-Э |
| 500 | a | Примечание | 50/2017 | |
| 516 | 8_ | a | Прим. о типе комп. файла/ данных | Текст : электронный |
| 535 | 1_ | a | Хранилище | Сервер |
| 583 | a | Действие | Приписка : УМК | |
| 655 | a | Жанр/ форма (устаревшее) | М | |
| 773 | 18 | w | Контрольный № источника | 119255 |
| w | Контрольный № источника | 9ab57082eb334a23b838f41b93621157 | ||
| 900 | a | Имя макрообъекта | 001-000125294-000000000-0000-0000-01 | |
| 901 | t | Тип документа | m | |
| 905 | a | Дата создания записи | 10.11.17 | |
| c | Дата приписки | 15.05.26 | ||
| 922 | c | Кафедра | Конструкции и сооружения | |
| 951 | d | EL-Информация? | Просмотр и копирование документа производится только с разрешения преподавателя. | |
| i | EL-ТГТУ? | Да | ||
| 952 | g | 1 | ||
| a | Тип литературы для КСУ ВШ | М | ||
| 953 | z | EL-Специальная? | Для обсуждения любых вопросов, связанных с вопросами к оценочным средствам промежуточной аттестация: зачет дисциплины "Архитектурная типология зданий", обращайтесь: Тверской гос. техн. ун-т, Каф. КиС |